000 00270nam a22000857a 4500
008 160822b xxu||||| |||| 00| 0 eng d
100 _9199
_a Carroll L
245 _aAlice's Adventures in Wonderland and Through the Cooking Glass
260 _aNew York
_bChoice publication
_c1986
999 _c2856
_d2856